000 00350nam a2200157Ia 4500
005 20250423095336.0
008 250422s9999 xx 000 0 und d
020 _a0-7394-3263-X
050 _aPS 3564 .A74 F43/
100 _aJonathan Nasaw
245 0 _aFear itself
260 _bAtria books
260 _c2003
300 _a616 p
942 _cBK
999 _c29985
_d29985